Pošťácká pohádka. Na motivy pohádky Karla Čapka.
Uložené v:
| Hlavní autori: | , |
|---|---|
| Médium: | Kniha |
| Jazyk: | Czech |
| Vydané: |
1992
|
| ISBN: |
8020302670 |
| Tagy: |
Pridať tag
Žiadne tagy, Buďte prvý kto otaguje tento záznam!
|
Titul je dostupný aj v ... 

MARC
| LEADER | 00000nam a2200000 a 4500 | ||
|---|---|---|---|
| 001 | 000244635 | ||
| 005 | 00000000000000.0 | ||
| 008 | 040101s1992 e czeo | ||
| 020 | |a 8020302670 | ||
| 041 | 0 | |a cze | |
| 100 | 1 | |a Cmíral, P. |4 aut | |
| 245 | 1 | 0 | |a Pošťácká pohádka. Na motivy pohádky Karla Čapka. |
| 260 | |c 1992 | ||
| 500 | |a Záznam neprešiel kontrolou | ||
| 700 | 1 | |a Klíma, M. |4 aut | |
| 910 | |a svkkk | ||
| 919 | |a 80-203-0267-0 | ||
| 998 | |a BK | ||
| 090 | |g SCKHL |k Sklad Pribinova 2. posch. |a II.352397 |j 856798 |i 2721184019 |s Absenčne | ||